Rizikový a rozvojový kapitál v Českej republike: manažerské know - how a jeho transfer

Bariéry v oblasti financovania malých a stredných podnikov. Private equity ako forma externého financovania podniku. Výhody externého financovania podniku.

Saved in:
Bibliographic Details
Main Author: Zinecker, Marek
Other Authors: Rajchlová, Jaroslava
Format: Book Chapter
Language:Czech
Subjects:
Tags: Add Tag
No Tags, Be the first to tag this record!

MARC

LEADER 00000naa a2200000 4500
001 0168470
005 20231208073046.0
041 0 |a cze 
044 |a SK 
245 1 0 |a Rizikový a rozvojový kapitál v Českej republike: manažerské know - how a jeho transfer  |c Marek Zinecker, Jaroslava Rajchlová 
520 |a Bariéry v oblasti financovania malých a stredných podnikov. Private equity ako forma externého financovania podniku. Výhody externého financovania podniku. 
610 2 0 |a kapitál rizikový 
610 2 0 |a Česko 
610 2 0 |a financovanie podnikov 
610 2 0 |a zdroje finančné cudzie 
610 2 0 |a private equity 
610 2 0 |a kapitál rozvojový 
100 1 |a Zinecker, Marek 
700 1 |a Rajchlová, Jaroslava